| 000 | 00851nam a2200193 i 4500 | ||
|---|---|---|---|
| 001 | 187909 | ||
| 003 | ES-MaACL | ||
| 005 | 20250729014021.0 | ||
| 008 | 180323s1926 sp |||| | spa d | ||
| 100 | 1 |
_aGonzález Palencia, Ángel, _d1889-1949 _958854 |
|
| 245 | 1 | 4 |
_aLos archivos españoles y las investigaciones históricas-literarias / _cpor Angel González Palencia. |
| 260 |
_aMadrid : _b[s.n.], _c1926 ( _fBlass tipogragía) |
||
| 300 |
_a19 p. ; _c23 cm. |
||
| 490 | 1 |
_aConferencias dadas en el Centro de intercambio intelectual germano-español ; _v2 |
|
| 650 | 0 | 4 |
_aArchivos- _zEspaña _99953 |
| 830 | 0 | 0 |
_aConferencias dadas en el Centro de Intercambio Intelectual Germano-Español _v2 _9192904 |
| 852 |
_aES-MaACL _jC-8111(2) _z.- Donat. del Centro de Intercambio Intelectual Germano-Español (Madrid) |
||
| 999 |
_c187909 _d187909 |
||